Tracing some of the qualitative propertiers of Mentha piperita (L) Huds, in course of vegetation

Bibliographic Details
Main Authors: Vaverková, Štefánia, 1945- (Author), Felklová, Melanie, 1926- (Author)
Format: Article
Language:English
PhysicalDescription:Obr. 5. Tb. 4. Res. slov., rus., nem., lit. 19 zázn. v slov., angl., maď., nem., poľ.
Subjects:

MARC

LEADER 00000nab a2200000 a 4500
001 vtls000353331
003 SK-MaSNL
005 20260318114251.0
008 140701c1988 xo 0 eng
015 |a SNBRA19rr/mm-uuuuu 
035 |a CL0353453 
040 |a SNKBUCL  |b slo  |c SNKBUCL  |e AACR2 
041 0 |a eng 
044 |a xo  |c SK 
080 |a 582.949.27  |2 1981 
100 1 |a Vaverková, Štefánia,  |d 1945-  |4 aut  |9 5603 
245 1 0 |a Tracing some of the qualitative propertiers of Mentha piperita (L) Huds, in course of vegetation  |c Štefánia Vaverková, Melánia Felklová 
300 |b Obr. 5. Tb. 4. Res. slov., rus., nem., lit. 19 zázn. v slov., angl., maď., nem., poľ. 
650 0 7 |a mäta pieporná  |2 snkbucl  |9 19514 
650 0 7 |a vegetácia  |2 snkbucl  |9 15727 
655 7 |a články zo zborníkov  |2 snkbucl  |9 166140 
700 1 |a Felklová, Melanie,  |d 1926-  |4 aut  |9 38016 
773 0 |t Acta Facultatis pharmaceuticae Universitatis Comenianae 42  |d Bratislava : SPN, 1988  |g S. 125-139 
850 |a Slovenská národná knižnica v Martine  |a MTA001 
852 |a SNK  |b KIS3GCP 
958 |a RK 
958 |a NB 
992 |a RZB 
999 |c 3358828  |d 3360758